000 00856nam a22002297a 4500
999 _c7449
_d7449
003 AR-CdUCM
008 190320b ||||| |||| 00| 0 spa d
040 _aMUNICIPALIDAD PROVINCIAL DEL CUSCO
_cBIBLIOTECA MUNICIPAL DEL CUSCO
041 _heng
082 _a509.2 /
_bY91
100 _aYost, Edna
_921007
245 _aCiencia e inventiva de los norteamericanos /
260 _aMéxico :
_bIntercontinental,
_c1957.
300 _a225 páginas ;
_bIlustraciones,
_c20 cm.
500 _aTitulo original: Modern americans in science and inventions.
505 _aEzra Cornell (1807-1874) -- John Francis Appleby (1840-1917) -- Stephen Smith (1823-1922) -- Samuel F. Langley (1824-1906) ...
650 _aInventores estadounidenses
_921008
650 _aCientíficos
_93270
700 _aPérez, Victorino
_921009
942 _2ddc
_cLIBROS
945 _aacv